Fragmente über Wenschenbildung / (Record no. 26064)

MARC details
000 -LEADER
campo de control de longitud fija 00592nam a2200169 i 4500
001 - NÚMERO DE CONTROL
campo de control 26064
003 - IDENTIFICADOR DE NÚMERO DE CONTROL
campo de control ES-MaACL
007 - CAMPO FIJO DE DESCRIPCIÓN FÍSICA--INFORMACIÓN GENERAL
campo de control de longitud fija t|
008 - DATOS DE LONGITUD FIJA--INFORMACIÓN GENERAL
campo de control de longitud fija 030107s1904 gw ||||1| ger d
100 1# - ENTRADA PRINCIPAL--NOMBRE DE PERSONA
Nombre de persona Arndt, Ernst Moritz.
9 (RLIN) 23081
245 10 - MENCIÓN DEL TÍTULO
Título Fragmente über Wenschenbildung /
Mención de responsabilidad, etc. Ernst Moritz Arndt ; Machder Originalausgabe neu herausgegeben von Dr. Wilhelm Münch un Dr. Heinzich Meisner.
260 ## - PUBLICACIÓN, DISTRIBUCIÓN, ETC.
Lugar de publicación, distribución, etc. Langensalza :
Nombre del editor, distribuidor, etc. [s.n.,
Fecha de publicación, distribución, etc. 1904] (
Fabricante Hermann Beyer)
300 ## - DESCRIPCIÓN FÍSICA
Extensión XXVIII, 234 p. ;
Dimensiones 24 cm.
700 1# - ENTRADA AGREGADA--NOMBRE PERSONAL
Nombre de persona Münch, Wilhelm.
9 (RLIN) 84176
700 1# - ENTRADA AGREGADA--NOMBRE PERSONAL
Nombre de persona Meisner, Heinrich.
9 (RLIN) 79855
852 ## - LOCALIZACIÓN
Ubicación ES-MaACL
Número de control de estantería G-15193
Holdings
Estatus retirado Estado de pérdida Estado de daño No para préstamo Biblioteca de origen Biblioteca actual Ubicación en estantería Fecha de adquisición Fuente de adquisición Total de préstamos Signatura topográfica completa Código de barras Visto por última vez Precio de reemplazo Tipo de ítem Koha
        Biblioteca del Ateneo de Madrid Biblioteca del Ateneo de Madrid Sala Pecera Planta 3 17/01/2008     G-15193 1026899 23/02/2023 23/02/2023 Libro impreso